000 00415nam a2200157 a 4500
001 000037912
005 20201002031133.0
008 130308s2012 dr 000 0 spa d
020 _a999349190x
040 _aDO-SdBNP
_bspa
_cBNPHU
100 1 _aPaniagua, Edwin
_912152
245 1 3 _aLa consulta /
_cEdwin Paniagua.
250 _a4a ed.
260 _aSanto Domingo :
_bArgos ,
_c2012.
300 _a103 p. : ;
_c22 cm.
999 _c37402
_d37402